000 00368nam a2200145Ia 4500
008 230711s9999||||xx |||||||||||||| ||und||
041 _aENG
082 _a624
_bSR-W
100 _aS.R Kshir Sagar
245 0 _aWater supply public health engineering
250 _a1st
260 _c1984
_aRoorkee
_bRoorkee Publications House
650 _aCivil Engineering
942 _cBK
999 _c833
_d833